Empúries : führer und wegweiser / Enric Sanmartí, Josep M. Nolla führer und wegweiser / Enric Sanmartí, Josep M. Nolla
Descripción Física:
63 p. : il. col., 1 f. pleg. ; 22 cm
Otros Autores:
Nolla i Brufau, Josep M.
Materias:
Empúries (Ciutat antiga) -- Guies
MARC
| LEADER | 00000nam a2200000Ia 4500 | ||
|---|---|---|---|
| 001 | 17655 | ||
| 008 | 160829s1990 xx 000 0 cat d | ||
| 080 | |a H-2-337 | ||
| 100 | |a Sanmartí i Grego, Enric |9 19674 | ||
| 245 | |a Empúries : |b führer und wegweiser / Enric Sanmartí, Josep M. Nolla | ||
| 260 | |a Barcelona : |b Diputació de Barcelona. Servei de Cultura, |c 1990 | ||
| 300 | |a 63 p. : |b il. col., 1 f. pleg. ; |c 22 cm | ||
| 590 | |a Altres exemplars en català, castellà, francès i anglès: H-1-209, H-1-210, H-1-211, H-1-212 | ||
| 651 | 0 | |a Empúries (Ciutat antiga) |v Guies |9 54668 | |
| 651 | 0 | |a Empúries (Ciutat antiga) |v Guies |9 54668 | |
| 700 | |a Nolla i Brufau, Josep M. |9 30342 | ||
| 710 | 1 | |a Barcelona (Catalunya : Província). |b Servei de Cultura |9 54401 | |
| 901 | |a Arxiu | ||
| 942 | |n 1 | ||
| 952 | |0 0 |1 0 |4 0 |6 H2337 |7 1 |9 45523 |a Arxiu |b Arxiu |d 2016-12-01 |l 0 |o H-2-337 |p 17655 |r 2016-12-01 00:00:00 |w 2016-12-01 |y ARXIU | ||
| 999 | |c 48688 |d 48688 | ||